Countries that have never participated Eurovision - Statistics

General Stats
  • This quiz has been taken 193 times
  • The average score is 12 of 16
Answer Stats
Hint Region Answer % Correct
wished to enter in 2009 after declaration of independence and participated in Eurovision Young Dancers in 2011 Southeast Europe Kosovo
92%
debuted at JESC 2018 and planned to debut in the 2019 but failed Central Asia Kazakhstan
91%
have broadcasters that are members of EBU, could participate but refuse to due to the ongoing participation of Israel. North Africa Egypt
89%
planned to debut in 2019 but not applied for membership Central Europe Liechtenstein
89%
attempted to enter in 1977 but withdrew due to issue with Israel North Africa Tunisia
86%
set to debut in 2005 but later withdrew due to issue with Israel Western Asia Lebanon
85%
have broadcasters that are members of EBU, could participate but refuse to due to the ongoing participation of Israel. North Africa Algeria
84%
have broadcasters that are members of EBU, could participate but refuse to due to the ongoing participation of Israel. North Africa Libya
80%
confirmed its interest in participating in 2016 but is denied that would participate as a guest or full participant East Asia China
77%
have broadcasters that are members of EBU, could participate but refuse to due to the ongoing participation of Israel. Western Asia Jordan
76%
could participate through its member broadcaster, which was a founding member of the EBU, but didn't participate Southern Europe Vatican City
76%
has campaigned for a place and would have been eligible to enter the contest if the independence referendum were passed in 2014, and debuted at Eurovision Choir 2019 Western Europe Scotland
72%
debuted at Eurovision Choir 2017 and JESC 2018 Western Europe Wales
71%
attempted to participate independently since 2010 Northern Europe Faroe Islands
66%
never participated but made several attempts in the late 1980s Eastern Europe Soviet Union
48%
stated that hoping to join ESC by 2011 but is only an associative member of EBU Western Asia Qatar
45%
No matching quizzes found
Score Distribution
Percent of People with Each Score
Percentile by Number Answered
Your Score History
You have not taken this quiz